000 00798nam a22002057a 4500
999 _c7247
_d7247
003 AR-CdUCM
008 190320b ||||| |||| 00| 0 spa d
040 _aMUNICIPALIDAD PROVINCIAL DEL CUSCO
_cBIBLIOTECA MUNICIPAL DEL CUSCO
082 _22ed.
_a818.5 /
_bF82
100 _aFrank, Waldo
_920425
245 _aRumbos para América :
_bnuestra misión en un nuevo mundo /
260 _aBuenos Aires :
_bAmericalee,
_c1942.
300 _a251 páginas ;
_c20 cm.
505 _aContenido: La fantasía del aislamiento americano -- La humillación de Europa -- Los medios desesperados -- Lo que ha pasado -- ¿Qué es lo que debemos hacer?.
650 _aAutores estadounidenses
_91420
650 _aSiglo XX
_98
700 _aZambrano, Maria (traductor)
_920426
942 _2ddc
_cLIBROS
945 _aafb